000 01154cam a22003374a 4500
001 13237124
005 20210924163833.0
008 030613s2003 cauab b 001 0 eng
010 _a 2003013186
020 _a1556434847 (pbk.)
020 _a9781556434846
040 _aDLC
_cDLC
_dDLC
042 _apcc
043 _aa-is---
_aaw-----
100 1 _aLerner, Michael.
245 1 0 _aHealing Israel/Palestine :
_ba path to peace and reconciliation /
_cby Michael Lerner.
260 _aBerkeley, Calif. :
_bNorth Atlantic Books,
_cc2003.
300 _axxi, 273 p. :
_bill., maps ;
_c23 cm.
336 _atext
337 _aunmediated
338 _avolume
504 _aIncludes bibliograhical references and index.
650 0 _aArab-Israeli conflict
_y1993-
_xPeace.
650 0 _aJews
_zPalestine
_xHistory
_y20th century.
650 0 _aRefugees, Arab
_zMiddle East
_xHistory
_y20th century.
650 0 _aPacific settlement of international disputes.
650 0 _aReconciliation.
650 0 _aConflict management.
856 4 2 _3Publisher description
_uhttp://www.loc.gov/catdir/enhancements/fy0731/2003013186-d.html
942 _2lcc
_cBK
999 _c50310
_d50310